|
|
|
|
| LEADER |
00000cam a2200000Mu 4500 |
| 001 |
EBOOKCENTRAL_on1237864708 |
| 003 |
OCoLC |
| 005 |
20240329122006.0 |
| 006 |
m o d |
| 007 |
cr ||||||||||| |
| 008 |
210220s2020 xx o ||| 0 eng d |
| 040 |
|
|
|a EBLCP
|b eng
|c EBLCP
|d YDX
|d REDDC
|d OCLCO
|d OCLCF
|d OCLCQ
|d OCLCO
|d OCLCL
|
| 019 |
|
|
|a 1237632684
|
| 020 |
|
|
|a 9781800716247
|
| 020 |
|
|
|a 1800716249
|
| 029 |
1 |
|
|a AU@
|b 000071377580
|
| 035 |
|
|
|a (OCoLC)1237864708
|z (OCoLC)1237632684
|
| 050 |
|
4 |
|a TJ1075
|b .Y686 2020
|
| 082 |
0 |
4 |
|a 621.89
|2 23
|
| 049 |
|
|
|a UAMI
|
| 100 |
1 |
|
|a Gachot, Carsten.
|
| 245 |
1 |
0 |
|a Young Tribologists - Insights into the Work of the New Generation
|h [electronic resource].
|
| 260 |
|
|
|a Bradford, West Yorkshire :
|b Emerald Publishing Limited,
|c 2020.
|
| 300 |
|
|
|a 1 online resource (57 p.).
|
| 490 |
1 |
|
|a Industrial Lubrication and Tribology Ser. ;
|v v.8
|
| 500 |
|
|
|a Description based upon print version of record.
|
| 590 |
|
|
|a ProQuest Ebook Central
|b Ebook Central Academic Complete
|
| 650 |
|
0 |
|a Tribology.
|
| 650 |
|
6 |
|a Tribologie (Technologie)
|
| 650 |
|
7 |
|a Tribology
|2 fast
|
| 700 |
1 |
|
|a Katona, Laszlo.
|
| 758 |
|
|
|i has work:
|a Young Tribologists - Insights into the Work of the New Generation (Text)
|1 https://id.oclc.org/worldcat/entity/E39PD3TBXCXmTW4pHPJWQxhXgq
|4 https://id.oclc.org/worldcat/ontology/hasWork
|
| 776 |
0 |
8 |
|i Print version:
|a Gachot, Carsten
|t Young Tribologists - Insights into the Work of the New Generation
|d Bradford, West Yorkshire : Emerald Publishing Limited,c2020
|
| 830 |
|
0 |
|a Industrial Lubrication and Tribology Ser.
|
| 856 |
4 |
0 |
|u https://ebookcentral.uam.elogim.com/lib/uam-ebooks/detail.action?docID=6478150
|z Texto completo
|
| 938 |
|
|
|a ProQuest Ebook Central
|b EBLB
|n EBL6478150
|
| 938 |
|
|
|a YBP Library Services
|b YANK
|n 17259470
|
| 994 |
|
|
|a 92
|b IZTAP
|